Città dal Satellite #1 - Statistics

Statistiche generali
  • Questo quiz è stato fatto 71 volte
  • Il punteggio medio è 7 su 15
Statistiche sulle risposte
con Immagini Risposta % Corretto
Dubai
93%
Venezia
93%
Roma
84%
Londra
77%
Amsterdam
66%
Istanbul
64%
Monaco
52%
Singapore
43%
Chicago
33%
Buenos Aires
31%
Sydney
30%
Shanghai
21%
Boston
18%
Montréal
8%
Detroit
7%
Nessun quiz corrispondente trovato
Distribuzione punteggi
Percentuale di utenti per punteggio
Percentile per numero di risposta
I tuoi punteggi nel tempo
Non hai fatto questo quiz